000
00317nam a2200109Ia 4500
008
171211s9999 xx 000 0 und d
245
4
_a
The Gun Digest Book of Tactical Weapons Assembly/Disassembly
245
_c
J B Wood
260
_c
2008
650
_x
Hobbies
856
_u
http://down.ebook777.com/065/0896896927.pdf
999
_c
350312
_d
350312